[Event "22nd ch-EUR Indiv 2022"]
[Site "Terme Catez SLO"]
[Date "2022.03.28"]
[Round "2.20"]
[White "Moussard, Jules"]
[Black "Dudin, Gleb"]
[Result "1-0"]
[WhiteTitle "GM"]
[BlackTitle "IM"]
[WhiteElo "2630"]
[BlackElo "2477"]
[WhiteFideId "642908"]
[BlackFideId "34184934"]
[EventDate "2022.03.27"]

1. e4 e5 2. Nf3 Nc6 3. Bc4 Bc5 4. O-O Nf6 5. d3 d6 6. c3 O-O 7. Nbd2 a5 8. Re1
Be6 9. b3 h6 10. h3 Bb6 11. a4 d5 12. exd5 Nxd5 13. Ne4 Re8 14. Bd2 Nf6 15. Bb5
Nd7 16. Be3 Bxe3 17. Rxe3 Bd5 18. Qc2 Re6 19. Rae1 Qe7 20. Ned2 Re8 21. Nc4 Qc5
22. Qd1 Ncb8 23. d4 exd4 24. cxd4 Qb4 25. Nce5 c6 26. Bc4 Nb6 27. Qc2 Qe7 28.
Qc3 Qb4 29. Qxb4 axb4 30. Nd2 Na6 31. Bxa6 bxa6 32. a5 Na8 33. Nd3 Rb8 34. Nc5
Rxe3 35. fxe3 Nc7 36. e4 Be6 37. Kf2 Rb5 38. Ra1 f5 39. exf5 Bxf5 40. Nc4 Be6
41. Re1 Bxc4 42. bxc4 Rxa5 43. Re7 b3 44. Nxb3 Rf5+ 45. Ke3 Rf7 46. Rxf7 Kxf7
47. Na5 c5 48. d5 Na8 49. Nb7 Nb6 50. Nxc5 Nxc4+ 51. Kd4 Nd6 52. Nxa6 Kf6 53.
Nb4 h5 54. Kc5 Nf7 55. Kc6 g5 56. Nd3 Kf5 57. Kd7 Ke4 58. Ke7 Nh6 59. Ke6 Nf5
60. Nf2+ Kf4 61. g3+ Nxg3 62. d6 Kf3 63. d7 1-0

[Event "22nd ch-EUR Indiv 2022"]
[Site "Terme Catez SLO"]
[Date "2022.03.28"]
[Round "2.21"]
[White "Ioannidis, Evgenios"]
[Black "Durarbayli, Vasif"]
[Result "1/2-1/2"]
[WhiteTitle "IM"]
[BlackTitle "GM"]
[WhiteElo "2481"]
[BlackElo "2628"]
[WhiteFideId "4229274"]
[BlackFideId "13402935"]
[EventDate "2022.03.27"]

1. d4 d5 2. c4 e6 3. Nc3 c6 4. e4 dxe4 5. Nxe4 Bb4+ 6. Nc3 e5 7. a3 Bxc3+ 8.
bxc3 Qa5 9. Bd2 Nf6 10. Nf3 Nbd7 11. c5 O-O 12. Bc4 exd4 13. cxd4 Re8+ 14. Be2
Qc7 15. O-O Nf8 16. Ne5 Ne6 17. Bc4 Rd8 18. Be3 Nd5 19. Qf3 Nxc5 20. Nxf7 Qxf7
21. Qxf7+ Kxf7 1/2-1/2

[Event "22nd ch-EUR Indiv 2022"]
[Site "Terme Catez SLO"]
[Date "2022.03.28"]
[Round "2.22"]
[White "Holm, Kristian Stuvik"]
[Black "Nguyen, Thai Dai Van"]
[Result "1/2-1/2"]
[WhiteTitle "IM"]
[BlackTitle "GM"]
[WhiteElo "2468"]
[BlackElo "2623"]
[WhiteFideId "1508083"]
[BlackFideId "358878"]
[EventDate "2022.03.27"]

1. d4 Nf6 2. c4 e6 3. Nc3 Bb4 4. Qc2 O-O 5. e4 d5 6. e5 Ne4 7. Bd3 c5 8. Nf3
cxd4 9. Nxd4 Nd7 10. Bf4 Ndc5 11. O-O Bxc3 12. bxc3 Bd7 13. Be2 Na4 14. cxd5
exd5 15. f3 Nec5 16. Qd2 Rc8 17. Rfc1 a6 18. c4 dxc4 19. Bxc4 b5 20. Bf1 Re8 21.
Nb3 Be6 22. Nd4 Bd7 23. Nb3 Be6 24. Nd4 Bd7 1/2-1/2

[Event "22nd ch-EUR Indiv 2022"]
[Site "Terme Catez SLO"]
[Date "2022.03.28"]
[Round "2.23"]
[White "Kozul, Zdenko"]
[Black "Loiseau, Quentin"]
[Result "1-0"]
[WhiteTitle "GM"]
[BlackTitle "IM"]
[WhiteElo "2619"]
[BlackElo "2474"]
[WhiteFideId "14502879"]
[BlackFideId "665274"]
[EventDate "2022.03.27"]

1. d4 d5 2. c4 c6 3. Nf3 Nf6 4. Nc3 dxc4 5. a4 Bf5 6. e3 e6 7. Bxc4 Nbd7 8. O-O
Bb4 9. Qe2 Bg6 10. Ne5 Bh5 11. f3 Nxe5 12. dxe5 Nd7 13. g4 Bg6 14. f4 Qh4 15. a5
h5 16. f5 exf5 17. gxf5 Nxe5 18. fxg6 Qxc4 19. gxf7+ Ke7 20. Qxc4 Nxc4 21. Ra4
Bxc3 22. bxc3 Nd6 23. Ba3 Ke6 24. Bxd6 Kxd6 25. Re4 Kd5 26. Re7 b5 27. Rd1+ Kc4
28. e4 Kxc3 29. e5 c5 30. e6 c4 31. Red7 b4 32. e7 b3 33. Rd8 Kc2 34. f8=Q 1-0

[Event "22nd ch-EUR Indiv 2022"]
[Site "Terme Catez SLO"]
[Date "2022.03.28"]
[Round "2.24"]
[White "Markoja, Boris"]
[Black "Bartel, Mateusz"]
[Result "0-1"]
[WhiteTitle "IM"]
[BlackTitle "GM"]
[WhiteElo "2461"]
[BlackElo "2616"]
[WhiteFideId "14608502"]
[BlackFideId "1112635"]
[EventDate "2022.03.27"]

1. d4 d5 2. c4 e6 3. Nf3 c6 4. e3 Nd7 5. Qc2 f5 6. cxd5 cxd5 7. Bd3 Bd6 8. b3
Ne7 9. O-O Nc6 10. Ba3 Bxa3 11. Nxa3 O-O 12. Qc3 Nf6 13. b4 Ne4 14. Qb2 Qd6 15.
Nc2 Bd7 16. Ne5 Nxe5 17. dxe5 Qc7 18. Rac1 Rfc8 19. f3 Qc3 20. Qa3 Qxa3 21. Nxa3
Nc3 22. Ra1 a5 23. Nc2 Bb5 24. Bxb5 Nxb5 25. Rfc1 Rc4 26. a4 axb4 27. Nxb4 Nc3
28. Kf2 Rxa4 29. Rxa4 Nxa4 30. Rb1 g5 31. Nd3 b6 32. h4 f4 33. exf4 gxf4 34. g4
Kf7 35. Rb4 Nc5 0-1

[Event "22nd ch-EUR Indiv 2022"]
[Site "Terme Catez SLO"]
[Date "2022.03.28"]
[Round "2.25"]
[White "Vocaturo, Daniele"]
[Black "Subelj, Jan"]
[Result "1/2-1/2"]
[WhiteTitle "GM"]
[BlackTitle "IM"]
[WhiteElo "2614"]
[BlackElo "2468"]
[WhiteFideId "813192"]
[BlackFideId "14618583"]
[EventDate "2022.03.27"]

1. d4 d5 2. c4 c6 3. Nf3 Nf6 4. Nc3 e6 5. Bg5 h6 6. Bxf6 Qxf6 7. e3 g6 8. Bd3
Bg7 9. O-O O-O 10. e4 Qd8 11. e5 dxc4 12. Bxc4 c5 13. dxc5 Nd7 14. Qe2 Nxc5 15.
Rad1 Qe7 16. Qe3 b6 17. b4 Na6 18. a3 Bb7 19. Ne4 Nc7 20. Qf4 Rfd8 21. Nf6+ Kh8
22. Nd4 Rac8 23. h4 1/2-1/2

[Event "22nd ch-EUR Indiv 2022"]
[Site "Terme Catez SLO"]
[Date "2022.03.28"]
[Round "2.26"]
[White "Kaasen, Tor Fredrik"]
[Black "Ivic, Velimir"]
[Result "0-1"]
[WhiteTitle "IM"]
[BlackTitle "GM"]
[WhiteElo "2460"]
[BlackElo "2610"]
[WhiteFideId "1516647"]
[BlackFideId "950122"]
[EventDate "2022.03.27"]

1. e4 c5 2. Nf3 Nc6 3. Bb5 e6 4. O-O Nge7 5. d4 cxd4 6. Nxd4 Qb6 7. Nxc6 bxc6 8.
Be2 Ng6 9. c4 Be7 10. Nc3 O-O 11. Rb1 c5 12. Be3 Qc7 13. f4 Bb7 14. g3 Rad8 15.
Bf3 d6 16. Qe2 Bf6 17. Rfd1 Bxc3 18. bxc3 Ba6 19. Rb2 Ne7 20. Rbd2 Nc8 21. e5
dxe5 22. Rxd8 Rxd8 23. Rxd8+ Qxd8 24. fxe5 Nb6 25. Bxc5 Bxc4 26. Qf2 Qd3 27. Bh5
g6 28. Qf6 Nd7 0-1

[Event "22nd ch-EUR Indiv 2022"]
[Site "Terme Catez SLO"]
[Date "2022.03.28"]
[Round "2.27"]
[White "Bernadskiy, Vitaliy"]
[Black "Petkov, Momchil"]
[Result "1/2-1/2"]
[WhiteTitle "GM"]
[BlackTitle "IM"]
[WhiteElo "2606"]
[BlackElo "2465"]
[WhiteFideId "14100371"]
[BlackFideId "2921642"]
[EventDate "2022.03.27"]

1. c4 e5 2. Nc3 Bb4 3. Nd5 a5 4. Nf3 d6 5. a3 Bc5 6. e3 c6 7. d4 Ba7 8. Nc3 Nd7
9. g4 Qe7 10. Be2 Nh6 11. Qc2 Nxg4 12. Rg1 f5 13. Qxf5 Nc5 14. Qc2 e4 15. dxc5
exf3 16. cxd6 Qf6 17. Ne4 Qg6 18. Bxf3 Nxe3 19. Bxe3 Qxg1+ 20. Ke2 Qxa1 21. Ng5
Bd7 22. Qe4+ Kd8 23. Nf7+ Kc8 24. Bg4 Qxb2+ 25. Bd2 Qf6 26. Ne5 Qxf2+ 27. Kd3
Rd8 28. Nxd7 Qd4+ 29. Qxd4 Bxd4 30. Nb6+ Kb8 31. Kxd4 Rxd6+ 32. Kc3 Rxd2 33.
Kxd2 Ra6 34. c5 a4 35. Be2 Ra5 36. Ke3 Kc7 37. Kd4 g5 38. h3 h6 39. Bd3 Kd8 40.
Bc2 Rb5 41. Nxa4 h5 42. Bd1 g4 43. hxg4 h4 44. Nc3 Rb2 45. Ne4 h3 46. Bf3 h2 47.
Bh1 Rb1 48. Nf2 Ke7 49. Ke4 Rc1 50. Kf3 Rxc5 51. Kg3 Rc3+ 52. Kxh2 Rxa3 53. g5
Rc3 54. g6 b5 55. Ne4 Rc2+ 56. Kg3 b4 57. Nd6 Kf6 58. Be4 Re2 59. Ne8+ Ke7 60.
Kf3 Rxe4 61. g7 Kf7 62. Kxe4 b3 1/2-1/2

[Event "22nd ch-EUR Indiv 2022"]
[Site "Terme Catez SLO"]
[Date "2022.03.28"]
[Round "2.28"]
[White "Barbot, Pierre1"]
[Black "Indjic, Aleksandar"]
[Result "0-1"]
[WhiteTitle "IM"]
[BlackTitle "GM"]
[WhiteElo "2455"]
[BlackElo "2605"]
[WhiteFideId "663727"]
[BlackFideId "911925"]
[EventDate "2022.03.27"]

1. d4 Nf6 2. Nf3 e6 3. e3 d5 4. c4 b6 5. Bd3 Bd6 6. O-O Bb7 7. Nc3 Nbd7 8. Qe2
O-O 9. e4 dxe4 10. Nxe4 Nxe4 11. Bxe4 Bxe4 12. Qxe4 c5 13. Rd1 Qc7 14. Bg5 h6
15. Bh4 Rfe8 16. dxc5 Nxc5 17. Qd4 Bf4 18. Bg3 Bxg3 19. hxg3 e5 20. Qg4 e4 21.
Nh4 Qe5 22. b3 Nd3 23. Nf5 h5 24. Qxh5 g6 25. Nh6+ Kg7 26. Qxe5+ Nxe5 27. Nxf7
Nxf7 28. Rd7 Kf6 29. Re1 Re6 30. Kf1 a5 31. Rd4 Nd6 32. g4 Rh8 33. a3 Kg5 34.
Rd5+ Kxg4 35. c5 bxc5 36. Rxc5 Nf5 37. Rxe4+ Rxe4 38. f3+ Kf4 39. fxe4 Ng3+ 0-1

[Event "22nd ch-EUR Indiv 2022"]
[Site "Terme Catez SLO"]
[Date "2022.03.28"]
[Round "2.29"]
[White "Moiseenko, Alexander"]
[Black "Davtyan, Artur"]
[Result "1/2-1/2"]
[WhiteTitle "GM"]
[BlackTitle "IM"]
[WhiteElo "2602"]
[BlackElo "2460"]
[WhiteFideId "14102560"]
[BlackFideId "13308327"]
[EventDate "2022.03.27"]

1. d4 d5 2. c4 e6 3. Nf3 Nf6 4. g3 Be7 5. Bg2 O-O 6. Nc3 dxc4 7. Ne5 Nc6 8. Bxc6
bxc6 9. Nxc6 Qe8 10. Nxe7+ Qxe7 11. Qa4 c5 12. dxc5 Qxc5 13. Be3 Qc7 14. f3 Rd8
15. Qa3 Bb7 16. Qc5 Qxc5 17. Bxc5 Nd5 18. Nxd5 Rxd5 19. Bb4 a5 20. Bc3 a4 21. a3
f6 22. Kf2 Kf7 23. Rad1 Rad8 24. Rxd5 Rxd5 25. g4 Bc6 26. Rg1 h5 27. h3 hxg4 28.
hxg4 g5 29. Rh1 Kg7 30. Rc1 Rd7 31. Rc2 Kf7 32. Rd2 1/2-1/2

[Event "22nd ch-EUR Indiv 2022"]
[Site "Terme Catez SLO"]
[Date "2022.03.28"]
[Round "2.30"]
[White "Neverov, Valeriy"]
[Black "Bjerre, Jonas Buhl"]
[Result "0-1"]
[WhiteTitle "GM"]
[BlackTitle "GM"]
[WhiteElo "2453"]
[BlackElo "2601"]
[WhiteFideId "14100150"]
[BlackFideId "1444948"]
[EventDate "2022.03.27"]

1. d4 Nf6 2. c4 e6 3. Nc3 Bb4 4. e3 O-O 5. Bd3 d5 6. a3 Bxc3+ 7. bxc3 dxc4 8.
Bxc4 c5 9. Ne2 Qc7 10. Ba2 b6 11. O-O Ba6 12. Re1 Nc6 13. Ng3 Rfd8 14. Bb2 Na5
15. e4 Bc4 16. Bxc4 Nxc4 17. Bc1 Ne8 18. Bg5 f6 19. Be3 e5 20. d5 Ned6 21. Bc1
b5 22. f4 a5 23. Rf1 b4 24. fxe5 fxe5 25. axb4 axb4 26. Rxa8 Rxa8 27. cxb4 cxb4
28. Qg4 b3 29. Qe6+ Kh8 30. Kh1 Qc8 31. Qe7 Qe8 32. Qc7 Qd8 33. Qc6 b2 34. Bg5
Qb8 0-1

[Event "22nd ch-EUR Indiv 2022"]
[Site "Terme Catez SLO"]
[Date "2022.03.28"]
[Round "2.31"]
[White "Ivanisevic, Ivan"]
[Black "Cvitan, Ognjen"]
[Result "1-0"]
[WhiteTitle "GM"]
[BlackTitle "GM"]
[WhiteElo "2601"]
[BlackElo "2458"]
[WhiteFideId "912417"]
[BlackFideId "14500086"]
[EventDate "2022.03.27"]

1. d4 Nf6 2. c4 e6 3. Nf3 d5 4. g3 Be7 5. Bg2 O-O 6. O-O dxc4 7. Na3 Bxa3 8.
bxa3 Bd7 9. a4 Bc6 10. Ba3 Re8 11. Qc2 Nbd7 12. Rac1 a6 13. Qxc4 Nb6 14. Qc3
Nxa4 15. Qb3 Bb5 16. Rfe1 Rc8 17. e4 c6 18. h4 Nd7 19. e5 c5 20. Ng5 cxd4 21.
Be4 g6 22. Qf3 Nxe5 23. Qf4 Rxc1 24. Bxc1 f6 25. Nxh7 Kxh7 26. Bxg6+ Kg8 27.
Rxe5 Qc7 28. Qxf6 Qxc1+ 29. Kh2 Rf8 30. Bh7+ 1-0

[Event "22nd ch-EUR Indiv 2022"]
[Site "Terme Catez SLO"]
[Date "2022.03.28"]
[Round "2.32"]
[White "Gadimbayli, Abdulla"]
[Black "Santos Ruiz, Miguel"]
[Result "1-0"]
[WhiteTitle "IM"]
[BlackTitle "GM"]
[WhiteElo "2451"]
[BlackElo "2597"]
[WhiteFideId "13404938"]
[BlackFideId "22291482"]
[EventDate "2022.03.27"]

1. e4 c5 2. Nf3 d6 3. d4 cxd4 4. Nxd4 Nf6 5. Nc3 Nc6 6. Bg5 Bd7 7. Be2 e6 8. Qd3
a6 9. O-O-O b5 10. Nxc6 Bxc6 11. Rhe1 Be7 12. Bxf6 gxf6 13. Bh5 Qb6 14. f4 Qc5
15. g4 b4 16. Ne2 a5 17. Nd4 Bd7 18. Kb1 O-O 19. e5 fxe5 20. fxe5 a4 21. exd6
Bf6 22. Rf1 Qe5 23. g5 Bg7 24. Bxf7+ Kh8 25. Qh3 Qxg5 26. Bxe6 Rxf1 27. Qxf1
Bxe6 28. Nxe6 Qe5 29. Nxg7 a3 30. c3 bxc3 31. Qd3 Rb8 32. b3 Kxg7 33. Qg3+ Qxg3
34. hxg3 Kf7 35. d7 1-0

[Event "22nd ch-EUR Indiv 2022"]
[Site "Terme Catez SLO"]
[Date "2022.03.28"]
[Round "2.33"]
[White "Iturrizaga Bonelli, Eduardo"]
[Black "Maksimovic, Bojan"]
[Result "1-0"]
[WhiteTitle "GM"]
[BlackTitle "IM"]
[WhiteElo "2594"]
[BlackElo "2455"]
[WhiteFideId "3901211"]
[BlackFideId "14408120"]
[EventDate "2022.03.27"]

1. c4 g6 2. g3 Bg7 3. Bg2 c5 4. Nf3 Nc6 5. Nc3 b6 6. O-O Bb7 7. e3 Na5 8. Qe2
Nf6 9. e4 Nc6 10. e5 Ng4 11. h3 Nh6 12. d4 Nf5 13. d5 Nfd4 14. Nxd4 Nxd4 15. Qe4
e6 16. Be3 f5 17. Qd3 Bxe5 18. Rfe1 O-O 19. Bh6 Qf6 20. Bxf8 Rxf8 21. f4 Bd6 22.
dxe6 Bxg2 23. Kxg2 dxe6 24. Ne2 e5 25. Nxd4 cxd4 26. fxe5 Bxe5 27. Qf3 Rd8 28.
Rad1 Kg7 29. Re2 Kh6 30. Rde1 d3 31. Rd2 Bxb2 32. Rxd3 Rxd3 33. Qxd3 Bd4 34. Qf3
Bc5 35. Qf4+ Kg7 36. h4 Qc6+ 37. Kh3 Qd7 38. h5 h6 39. Qe5+ Kh7 40. Qd5 Qg7 41.
Re6 gxh5 1-0

[Event "22nd ch-EUR Indiv 2022"]
[Site "Terme Catez SLO"]
[Date "2022.03.28"]
[Round "2.34"]
[White "Kjartansson, Gudmundur"]
[Black "Thybo, Jesper Sondergaard"]
[Result "1-0"]
[WhiteTitle "GM"]
[BlackTitle "GM"]
[WhiteElo "2450"]
[BlackElo "2590"]
[WhiteFideId "2301318"]
[BlackFideId "1438832"]
[EventDate "2022.03.27"]

1. d4 Nf6 2. c4 g6 3. Nc3 d5 4. cxd5 Nxd5 5. e4 Nxc3 6. bxc3 Bg7 7. Bc4 c5 8.
Ne2 Nc6 9. Be3 O-O 10. O-O e6 11. Rc1 b6 12. Bb5 Bb7 13. Qa4 Na5 14. f3 a6 15.
Bd3 Rc8 16. Rfd1 b5 17. Qa3 cxd4 18. cxd4 Rxc1 19. Rxc1 Nc6 20. Qc5 Qa5 21. Bb1
Rc8 22. Qc3 Qa4 23. Qc2 Qa3 24. Qc3 Qd6 25. Qd2 Rd8 26. Rd1 Qa3 27. Qd3 Qa4 28.
Qb3 Qxb3 29. axb3 a5 30. Kf2 Nb4 31. Nc3 Bc6 32. Na2 Na6 33. Ke2 Be8 34. g4 Nb8
35. d5 exd5 36. Bb6 Rc8 37. Bxa5 Nc6 38. Bb6 d4 39. Nc1 Bd7 40. Nd3 Rb8 41. Bc7
Rc8 42. Bd6 Be6 43. Nc5 Be5 44. Bxe5 Nxe5 45. Nxe6 fxe6 46. f4 Nxg4 47. Rxd4 Rc3
48. Rd3 Rc1 49. Rd8+ Kg7 50. Bd3 Rh1 51. Rd7+ Kh6 52. Kf3 Nf6 53. Rf7 Nh5 54.
Bxb5 Rxh2 55. Bc4 Rh3+ 56. Kf2 Rh4 57. Ke3 g5 58. fxg5+ Kxg5 59. Rxh7 Kg6 60.
Rh8 Kg7 61. Re8 Nf4 62. Kd4 Kf7 63. Ra8 Ke7 64. b4 Rh1 65. b5 Kd6 66. Ra6+ Kd7
67. Ra7+ Kd8 68. Ke5 Rh4 69. b6 Kc8 70. Ba6+ Kb8 71. Rb7+ Ka8 72. Rg7 1-0

[Event "22nd ch-EUR Indiv 2022"]
[Site "Terme Catez SLO"]
[Date "2022.03.28"]
[Round "2.35"]
[White "Safarli, Eltaj"]
[Black "Kosakowski, Jakub"]
[Result "1-0"]
[WhiteTitle "GM"]
[BlackTitle "IM"]
[WhiteElo "2589"]
[BlackElo "2452"]
[WhiteFideId "13402129"]
[BlackFideId "1185080"]
[EventDate "2022.03.27"]

1. e4 c5 2. Nf3 e6 3. b3 b6 4. Bb2 Bb7 5. Nc3 Nc6 6. Qe2 Nge7 7. O-O-O a6 8. Nd5
Ng6 9. h4 f6 10. h5 Nge5 11. Ne3 Bd6 12. Nxe5 fxe5 13. f4 O-O 14. f5 h6 15. fxe6
Nd4 16. Qg4 Rf4 17. Qh3 Bxe4 18. exd7 Kh8 19. Bc4 Bc6 20. Be6 Nxe6 21. Qxe6 Rf6
22. Qg4 b5 23. Qg3 Rf4 24. Rhf1 Qxd7 25. Rxf4 exf4 26. Qg6 Bf8 27. Ng4 Re8 28.
Qxh6+ Kg8 29. Qg5 1-0

[Event "22nd ch-EUR Indiv 2022"]
[Site "Terme Catez SLO"]
[Date "2022.03.28"]
[Round "2.36"]
[White "Gokerkan, Cem Kaan"]
[Black "Kantor, Gergely"]
[Result "0-1"]
[WhiteTitle "IM"]
[BlackTitle "GM"]
[WhiteElo "2445"]
[BlackElo "2587"]
[WhiteFideId "6336760"]
[BlackFideId "751499"]
[EventDate "2022.03.27"]

1. e4 e5 2. Nf3 Nc6 3. Bc4 Nf6 4. d4 exd4 5. e5 Ne4 6. Qe2 Nc5 7. O-O Ne6 8.
Bxe6 fxe6 9. Rd1 Be7 10. Nxd4 Nxd4 11. Rxd4 O-O 12. Nc3 b6 13. Rf4 Bb7 14. Be3
Rxf4 15. Bxf4 Qf8 16. Bg3 a6 17. Rd1 Bc6 18. Rd4 Bg5 19. Rg4 Qf5 20. h3 Rf8 21.
b3 b5 22. a4 bxa4 23. Nxa4 h5 24. Rd4 Be7 25. h4 Qg6 26. Kh2 Rf5 27. f3 Qf7 28.
Nc3 g5 29. hxg5 Bxg5 30. Qe1 Qg7 31. Rb4 h4 32. Bxh4 Bf4+ 33. Rxf4 Rxf4 34. Bf6
Qh6+ 35. Kg1 Qg6 36. Kh2 Qh6+ 37. Kg1 Qg6 38. Kh2 Rf5 39. Ne2 Rh5+ 40. Kg1 Bxf3
41. Qg3 Be4 42. Qxg6+ Bxg6 43. Nf4 Rh6 44. Bg5 Kg7 45. Bxh6+ Kxh6 46. c3 Kg5 47.
Ne2 Kf5 48. Kf2 Kxe5 49. Ke3 a5 50. Nd4 Be4 51. g4 c5 52. Ne2 d5 53. Kd2 Bf3 54.
Nc1 Bxg4 55. Nd3+ Kd6 56. Nb2 e5 57. Na4 Bd7 58. Nb2 e4 59. Ke3 Ke5 60. Kd2 Kf4 0-1

[Event "22nd ch-EUR Indiv 2022"]
[Site "Terme Catez SLO"]
[Date "2022.03.28"]
[Round "2.37"]
[White "Stevic, Hrvoje"]
[Black "Petenyi, Tamas"]
[Result "0-1"]
[WhiteTitle "GM"]
[BlackTitle "IM"]
[WhiteElo "2587"]
[BlackElo "2451"]
[WhiteFideId "14502569"]
[BlackFideId "14909090"]
[EventDate "2022.03.27"]

1. e4 d6 2. d4 Nf6 3. Nc3 g6 4. Nf3 Bg7 5. Be3 O-O 6. Qd2 Bg4 7. Ng5 Bd7 8. h3
c6 9. Bd3 b5 10. O-O Na6 11. a4 Nc7 12. axb5 cxb5 13. Ra5 a6 14. Rfa1 Bc6 15. d5
Bb7 16. Nf3 e6 17. dxe6 Nxe6 18. Bh6 Re8 19. Bxg7 Kxg7 20. b4 Rc8 21. Re1 d5 22.
exd5 Nxd5 23. Be4 Rxc3 24. Bxd5 Rxf3 25. gxf3 Qxd5 26. Qxd5 Bxd5 27. Rxa6 Rc8
28. Re5 Bc4 29. Rd6 Ra8 30. h4 Ra2 31. Rd2 Rb2 32. Kh2 Rxb4 33. Kg3 Kf6 34. Re1
Ng7 35. Re4 Rb1 36. Rd6+ Be6 37. Rb6 Nf5+ 38. Kh2 Rb2 39. Kg2 Rxc2 40. Rxb5 Nd6
41. Rf4+ Nf5 42. Re4 Rc3 43. Rf4 Rd3 44. Kf1 Rd1+ 45. Kg2 Bd5 46. Rb6+ Ke5 47.
Ra4 Nd4 48. Ra5 Rd3 49. Rb7 Nxf3 50. h5 Kf6 51. Rb6+ Kg7 52. hxg6 hxg6 53. Rd6
Nh4+ 54. Kh2 Be4 55. Rxd3 Bxd3 56. f4 Nf5 57. Kh3 Bf1+ 58. Kg4 Be2+ 59. Kh3 Bc4
60. Rc5 Be6 61. Kg2 Kf6 62. Ra5 Ne7 63. Kg3 Nd5 64. Kf3 Ne7 65. Kg3 Bd5 66. Kg4
Nf5 67. Ra6+ Kg7 68. Kg5 Nd4 69. Rd6 Ne6+ 70. Kg4 Bc4 71. Rd7 Kf6 72. Ra7 Be2+
73. Kg3 Nd4 74. Ra5 Nf5+ 75. Kf2 Bd1 76. Ra6+ Kg7 77. Ra7 Bb3 78. Ra8 Nh6 79.
Ra6 f5 80. Kg3 Ng8 81. Kh4 Nf6 82. Rb6 Bd1 83. Rb1 Be2 84. Rb2 Bg4 85. Rb8 Bh5
86. Ra8 Kf7 87. Ra7+ Ke6 88. Ra6+ Ke7 89. Ra7+ Nd7 90. Ra6 Nc5 91. Rb6 Ne4 92.
Ra6 Nd6 93. Ra5 Kd7 94. Ra6 Ke6 95. Ra5 Nc4 96. Rb5 Nd2 97. Ra5 Kd6 98. Ra8 Ne4
99. Ra5 Nc5 100. Ra8 Kd5 101. Kg3 Kd4 102. Ra3 Ne4+ 103. Kh4 Nd2 104. Kg3 Ne4+
105. Kh4 Nc3 106. Kg5 Ne2 107. Ra4+ Ke3 108. Ra3+ Kf2 109. Ra2 Ke3 110. Ra3+ Ke4
111. Ra8 Ng1 112. Ra4+ Kf3 113. Kh4 Kf2 114. Ra2+ Ne2 115. Kg5 Kg2 116. Rb2 Kf1
117. Rb1+ Kf2 118. Rb2 Ke3 119. Rb3+ Ke4 120. Rb4+ Nd4 121. Ra4 Ke3 122. Kh4 Bd1
123. Rb4 Nf3+ 124. Kg3 Nd2 125. Rb1 Nxb1 0-1

[Event "22nd ch-EUR Indiv 2022"]
[Site "Terme Catez SLO"]
[Date "2022.03.28"]
[Round "2.38"]
[White "Tutisani, Noe"]
[Black "Michalik, Peter"]
[Result "0-1"]
[WhiteTitle "IM"]
[BlackTitle "GM"]
[WhiteElo "2442"]
[BlackElo "2585"]
[WhiteFideId "13602853"]
[BlackFideId "14907526"]
[EventDate "2022.03.27"]

1. e4 e5 2. Nf3 Nc6 3. Bb5 Nf6 4. O-O Nxe4 5. Re1 Nd6 6. Nxe5 Be7 7. Bf1 Nxe5 8.
Rxe5 O-O 9. d4 Bf6 10. Re2 Nc4 11. b3 Nb6 12. a4 Nd5 13. c4 Ne7 14. Nc3 Nf5 15.
Nd5 Nxd4 16. Re4 Nc6 17. Ra3 d6 18. b4 Be6 19. Rg3 Bxd5 20. cxd5 Ne5 21. Rh3 g6
22. Qd2 Bg7 23. f4 f5 24. Re1 Ng4 25. Re6 Re8 26. Bc4 Nf6 27. Rd3 a5 28. bxa5
Ne4 29. Qb4 Nc5 30. Rd1 Nxe6 31. dxe6 Qe7 32. Qxb7 Rxa5 33. Bb5 Rxb5 34. axb5
Qxe6 35. h3 Qb3 36. Rf1 Qc4 37. Rd1 Bd4+ 38. Kh2 Bb6 39. Qd5+ Qxd5 40. Rxd5 Re1
41. Bd2 Rd1 42. Rd3 Kf7 0-1

[Event "22nd ch-EUR Indiv 2022"]
[Site "Terme Catez SLO"]
[Date "2022.03.28"]
[Round "2.39"]
[White "Mchedlishvili, Mikheil"]
[Black "Gorshtein, Ido"]
[Result "1-0"]
[WhiteTitle "GM"]
[BlackTitle "IM"]
[WhiteElo "2584"]
[BlackElo "2445"]
[WhiteFideId "13600966"]
[BlackFideId "2815532"]
[EventDate "2022.03.27"]

1. d4 f5 2. Bg5 g6 3. Nc3 Bg7 4. e3 Nf6 5. h4 d5 6. h5 Be6 7. hxg6 hxg6 8. Rxh8+
Bxh8 9. Qf3 Bf7 10. Nge2 Nbd7 11. Nf4 c6 12. Qh3 Bg7 13. Bh6 Kf8 14. Be2 e5 15.
Nd3 exd4 16. exd4 Ne4 17. O-O-O Qf6 18. Bxg7+ Kxg7 19. Rh1 Re8 20. g4 Kf8 21.
gxf5 Nxc3 22. bxc3 Rxe2 23. fxg6 Be8 24. g7+ 1-0

[Event "22nd ch-EUR Indiv 2022"]
[Site "Terme Catez SLO"]
[Date "2022.03.28"]
[Round "2.40"]
[White "Ibrahimli, Murad"]
[Black "Wagner, Dennis"]
[Result "0-1"]
[WhiteTitle "IM"]
[BlackTitle "GM"]
[WhiteElo "2432"]
[BlackElo "2584"]
[WhiteFideId "13410229"]
[BlackFideId "24650684"]
[EventDate "2022.03.27"]

1. d4 Nf6 2. c4 e6 3. Nf3 d5 4. Bg5 dxc4 5. Qa4+ Nbd7 6. e4 Be7 7. Nc3 a6 8.
Bxc4 O-O 9. Qc2 h6 10. h4 b5 11. Bd3 Bb7 12. Rd1 Re8 13. Bxf6 Nxf6 14. O-O Nd7
15. g3 c5 16. d5 Qc7 17. b3 Nb6 18. Bxb5 axb5 19. d6 Qb8 20. dxe7 Ba6 21. Rd2 b4
22. Ne2 Qc7 23. Rc1 Rac8 24. Nf4 Qxe7 25. Ne5 c4 26. bxc4 Bxc4 27. Qd1 Bb5 28.
Rxc8 Rxc8 29. Qg4 Qf6 30. Nf3 Nc4 31. Rd5 Ne3 32. fxe3 Rc1+ 33. Kh2 exd5 34. Nd4
dxe4 35. Nxb5 Qa1 0-1

[Event "22nd ch-EUR Indiv 2022"]
[Site "Terme Catez SLO"]
[Date "2022.03.28"]
[Round "2.41"]
[White "Sousa, Andre Ventura"]
[Black "Can, Emre"]
[Result "0-1"]
[WhiteTitle "IM"]
[BlackTitle "GM"]
[WhiteElo "2429"]
[BlackElo "2578"]
[WhiteFideId "1917617"]
[BlackFideId "6302181"]
[EventDate "2022.03.27"]

1. e4 c5 2. Nf3 d6 3. Bb5+ Nd7 4. a4 Nf6 5. Nc3 g6 6. a5 Bg7 7. O-O a6 8. Be2 b5
9. axb6 Bb7 10. d3 a5 11. Ra2 O-O 12. b3 Nb8 13. Na4 Nfd7 14. Bb2 Nxb6 15. Bxg7
Kxg7 16. Qc1 Nc6 17. c3 Nd7 18. Qe3 Ba6 19. Nd2 e6 20. f4 Qe7 21. Qf2 Rfe8 22.
g4 Kh8 23. g5 e5 24. h4 exf4 25. Qxf4 Rf8 26. Nc4 Bxc4 27. bxc4 Rab8 28. Rd2 f6
29. Qg3 fxg5 30. hxg5 Rxf1+ 31. Bxf1 Nde5 32. d4 Qxg5 33. Qxg5 Nf3+ 34. Kg2 Nxg5
35. e5 cxd4 36. cxd4 dxe5 37. d5 Nd4 38. c5 Ne4 39. Rd1 Rf8 40. Rxd4 exd4 41.
Bd3 Nc3 42. Nb6 Nxd5 43. Nxd5 Rc8 44. Kf3 Rxc5 45. Ke4 a4 46. Kxd4 a3 0-1